000 00863nam a2200253Ia 4500
003 OSt
005 20220925205010.0
006 a|||||r|||| 00| 0
007 ta
008 220923b |||||||| |||| 00| 0 eng d
020 _a0754635139
_c4399.0699999999997
037 _b914, 04/12/2006, VIBHA BOOKS INTERNATIONAL
_cGeneral Book
040 _aRTL
_cRTL
_beng
041 _2eng
_aeng
082 _aU673:(G:55), P6
100 _aDixon-Gough Robert W
_9269416
245 0 _aRole of the state and individual in sustainable land management
260 _aHampshire
_bAshgate Publishing
_c2006
300 _avi,187p.
_ccm.
650 _aGeography
700 _a Bloch Peter C.
_9269417
942 _hU673:(G:55), P6
_cGB
_2CC
999 _c550947
_d550947